| 000 | 01588cam a2200421 a 4500 | ||
|---|---|---|---|
| 001 | 51593 | ||
| 005 | 20230411085931.0 | ||
| 008 | 020114r20022001nyu b 001 0deng | ||
| 010 | _a 2002016992 | ||
| 035 | _a(OCoLC)ocm48857572 | ||
| 040 |
_aDLC _cDLC _dBAKER _dBTCTA _dYDXCP |
||
| 020 | _a0060004401 | ||
| 020 | _a9780060004408 | ||
| 029 | 1 |
_aYDXCP _b1853907 |
|
| 029 | 1 |
_aNZ1 _b6719920 |
|
| 035 | _a(OCoLC)48857572 | ||
| 043 | _an-us--- | ||
| 050 | 1 | 4 |
_aE208 _bR25 2002 |
| 082 | 0 | 0 |
_a973.3 _221 |
| 049 | _aGRAL | ||
| 100 | 1 | _aRaphael, Ray. | |
| 245 | 1 | 2 |
_aA people's history of the American Revolution : _bhow common people shaped the fight for independence / _cRay Raphael. |
| 250 | _a1st Perennial ed. | ||
| 260 |
_aNew York : _bPerennial, _c2002. |
||
| 300 |
_axiv, 506 p. ; _c21 cm. |
||
| 500 | _aOriginally published: New York : The New Press, 2001. | ||
| 504 | _aIncludes bibliographical references (p. [401]-487) and index. | ||
| 651 | 0 |
_aUnited States _xHistory _yRevolution, 1775-1783. |
|
| 651 | 0 |
_aUnited States _xHistory _yRevolution, 1775-1783 _xSocial aspects. |
|
| 651 | 0 |
_aUnited States _xHistory _yRevolution, 1775-1783 _vPersonal narratives. |
|
| 856 | 4 | 2 |
_3Publisher description _uhttp://www.loc.gov/catdir/description/hc043/2002016992.html |
| 856 | 4 | 2 |
_3Book review (H-Net) _uhttp://www.h-net.org/review/hrev-a0c4l0-aa |
| 938 |
_aBaker & Taylor _bBKTY _c13.95 _d10.46 _i0060004401 _n0003869867 _sactive |
||
| 938 |
_aBaker and Taylor _bBTCP _n2002016992 |
||
| 938 |
_aYBP Library Services _bYANK _n1853907 |
||
| 942 |
_2lcc _cbk |
||
| 994 |
_aC0 _bDRFGD |
||
| 999 |
_c109569 _d109569 |
||